Biblioteca Parlamentaria
Catálogo en línea

Metodología Jurídica II. (Registro nro. 19584)

000 -CABECERA
Campo de control interno 00635nam a2200205Ia 4500
008 - ELEMENTOS DE LONGITUD FIJA - INFORMACION
Elementos de Longitud Fija - Informaci 141014s9999||||xx |||||||||||||| ||und||
010 ## - LIBRARY OF CONGRESS CONTROL NUMBER
LC control number 19434
020 ## - INTERNATIONAL STANDARD BOOK NUMBER
ISBN 978-607-7971-27-6
040 ## - ORIGEN DE LA CATALOGACION
Origen de la Catalogación ANE
041 ## - CODIGO DE LENGUAJE
Código de lenguaje del texto Es
082 ## - NUMERO DE CLASIFICACION DECIMAL DEWEY
1ra. Clasificación 340.1 C824m Ejm.1
100 ## - AUTOR PERSONAL
Autor Personal Correas, Oscar
245 ## - TÍTULO GENERAL
Título Metodología Jurídica II.
Subtítulo Saberes y las Prácticas del Abogado
Mención del autor Oscar Correas
250 ## - EDICION
Edición 2da Ed
260 ## - EDITORIAL
Ciudad Fontamara S.A. México D.F.
Fecha 2011
300 ## - DESCRIPCION
Número de páginas 322 p.
Dimensiones 21 cm.
505 ## - NOTA DE CONTENIDO
Nota de contenido formateada La teoria de los metodos.- Las Ciencias juridicas.- Las practicas de los Abogados.
650 ## - DESCRIPTORES - TEMAS
Temas - Descriptores Filosofia del Derecho
942 ## - ELEMENTOS DE KOHA
Tipo de Documento Libros
Esquema de Clasificaci
Catalogador pc
Existencias
Withdrawn status Lost status Fuente de Clasificaci Damaged status Not for loan Ubicaci Biblioteca Fecha de Adquisición Vía de adquisición Signatura Topogr Código de barras Date last seen Price effective from Tipo de Item
          Biblioteca Asamblea Nacional Biblioteca Asamblea Nacional 2014-10-14 Donación 340.1 C824m Ejm.1 19434 2014-10-14 2014-10-14 Libros
Dirección: Av. 6 de Diciembre y Piedrahita | Quito - Ecuador
Teléfonos: 593-23991000 Ext: 1147/1148
Correo:
archivo.biblioteca@asambleanacional.gob.ec

Soporte: FusionSolutions Cia. Ltda
archivobiblioteca white

Con tecnología Koha